02057cam a22005294i 4500003000900000005001700009008004100026020001500067020001800082035002700100040006600127049000900193050002100202082002300223100003700246245007600283264005300359300006200412336002100474337002500495337002300520504004800543504003400591526001000625526001000635526001000645526001000655526000800665526000800673526000800681526000800689526000800697526000800705526000800713600002800721630006300749650005300812700005600865910002800921942001400949949014600963994001401109596000601123999015901129980005501288952018401343PE-LiUPU20250731172851.0110914s2010 miuab rb 001 0 eng d a0801047242 a9780801047244 a(Sirsi) i9780801047244 aVLBbspacVLBdYDXCPdOCLCAdCFTdOCLCFdOCLCQdPE-LiUPUerda aPRUA14aDS121b.M97 201000a296.09014bM972211 aMurphy, Frederick James,eautor.10aEarly Judaism :bthe exile to the time of Jesus /cFrederick J. Murphy. 1aGrand Rapids, Michigan :bBaker Academic,c2010. axviii, 474 páginas :bilustraciones ;c23 centímetros atext2rdacontent aunmediated2rdamedia avolume2rdacarrier aBibliografía al final de cada capítulo. aÍndice : páginas 453-474. aSEG42 aSEG41 aSEG40 aSEG39 aP94 aP87 aP86 aP85 aP77 aP76 aP3500aJesucristoxJudaísmo.00aBiblia.pAntiguo TestamentoxCrítica e interpretación. 0aJudíosxHistoriayhasta el 70 antes de Cristo.1 aMurphy, Frederick James.tReligious world of Jesus. ajckbjckcjckd20160609 2ddccBOOK a296.09014 M97wDEWEYc1i73520d2016-9-18e2016-9-14lCCODEBUL1mBULn3p26.40r0sYtBOOKu2016-6-9xTEOLOGIAPP850COMPRAo.STAFF. Posgrado aC0bPEPRU a1 a296.09014 M97wDEWEYc9850i73520d9850e2016-9-14f2021-11-11g5lCCODEBUL1mBULn3p26.40r0sYtBOOKu2016-6-9xTEOLOGIAPP850COMPRAo.STAFF. Posgrado 81gALBERTO SANCHEZ Responsable de Automatización r2025-12-02 00:00:00i6l3o296.09014 M97p73520s2016-09-14te1v31.40w2016-06-09xPGyBKzinventario-2023-12-13102ddc50708GENfP85aBULbBULcGENd2016-06-09eCOMPRAg26.40